| 000 | 00438nmm a2200157Ia 4500 | ||
|---|---|---|---|
| 008 | 251105s9999||||xx |||||||||||||||||und|| | ||
| 020 | _a9788415611165 | ||
| 041 | _aspa | ||
| 100 | _aDrei, Angela | ||
| 245 | 0 | _aQuiero volver a verte | |
| 264 |
_a[Madrid, España] : _bLos libros del Cristal, _c2015 |
||
| 300 | _a254 páginas | ||
| 650 | _aSpanish narrative | ||
| 856 | _uhttps://public.digitaliapublishing.com/a/88113 | ||
| 942 | _cCF | ||
| 999 |
_c76903 _d76903 |
||